Теория вероятностей; Основные понятия; Предельные теоремы; Случайные процессы

গ্রন্থ-পঞ্জীর বিবরন
প্রধান লেখক: Прохоров Ю. В. Юрий Васильевич
অন্যান্য লেখক: Розанов Ю. А. Юрий Анатольевич
ভাষা:রুশ
প্রকাশিত: Москва, Наука, 1967
মালা:Справочная математическая библиотека
বিষয়গুলি:
বিন্যাস: গ্রন্থ
KOHA link:https://koha.lib.tpu.ru/cgi-bin/koha/opac-detail.pl?biblionumber=52765

MARC

LEADER 00000nam0a2200000 4500
001 52765
005 20231031043007.0
035 |a (RuTPU)RU\TPU\book\55310 
035 |a RU\TPU\book\40825 
090 |a 52765 
100 |a 20030606d1967 km y0rusy50 ca 
101 0 |a rus 
102 |a RU 
105 |a y g 001zy 
200 1 |a Теория вероятностей  |a Основные понятия  |a Предельные теоремы  |a Случайные процессы  |f Ю. В. Прохоров, Ю. А. Розанов 
210 |a Москва  |c Наука  |d 1967 
215 |a 495 с. 
225 1 |a Справочная математическая библиотека 
320 |a Библиогр.: с. 481-487 
320 |a Предм. указ.: с. 488-495 
451 1 |0 (RuTPU)RU\TPU\book\55311  |t Теория вероятностей  |e 2-е изд., перераб.  |c М.  |n Наука  |d 1973  |p 494 с.  |s Справочная математическая библиотека  |a Прохоров, Юрий Васильевич 
451 |t Основные понятия 
451 |t Предельные теоремы 
451 |t Случайные процессы  |f Ю. В. Прохоров, Ю. А. Розанов 
610 1 |a математика 
610 1 |a теория вероятностей 
610 1 |a предельные теоремы 
610 1 |a случайные процессы 
610 1 |a пространства 
610 1 |a марковские случайные процессы 
610 1 |a стационарные процессы 
610 1 |a справочники 
675 |a 519.21(03)  |v 3 
700 1 |a Прохоров  |b Ю. В.  |g Юрий Васильевич 
701 1 |a Розанов  |b Ю. А.  |g Юрий Анатольевич 
801 1 |a RU  |b 63413507  |c 20020416  |g PSBO 
801 2 |a RU  |b 63413507  |c 20140721  |g PSBO 
942 |c BK